000 01392nam a2200409 4500
001 PE-LiUPU
003 SpMaBN
005 20250731173601.0
008 930402? xxu| |||| ||spa d
016 7 _abimoBNE19930455677
_zSIC92034145
_2SpMaBN
035 _a(OCoLC)435001505
040 _aPE-LiUPU
_bspa
_cPE-LiUPU
_erda
080 _a291.8=03.20=60
080 _a291.8=03.924=60
080 _a291.8=03.75=60
082 _223
_a220.52
_bT763
245 0 0 _aTraducción del nuevo mundo de las Santas Escrituras :
_c[Comité de la Traducción del Nuevo Mundo (Nueva York)]
264 _aNew york
_bWatchtower Bible and Tract Society
_c1987
300 _a1660 páginas :
_c24 centímetros ;
500 _acon referencias : una traducción revisada basada en la versión de 1984 en inglés, pero consultando fielmente los antiguos textos hebreo y griego, 1987 ;
526 _aSEG42
526 _aSEG41
526 _aSEG40
526 _aSEG39
526 _aP94
526 _aP87
526 _aP86
526 _aP85
526 _aP77
526 _aP76
526 _aP35
630 0 4 _aBiblia
_xTraducciones al español
710 2 _aComité de la Traducción del Nuevo Mundo (Nueva York)
942 _2ddc
_cBK
_n0
956 _a1
980 _aChristian Lazo Analista Documental
_bBNMADRID
_j9/114206
_cSG_RECOLET
_618228
_81
_gALBERTO SANCHEZ Responsable de Automatización
999 _c62382
_d62381